Kaufmann József

Elmentve itt :
Bibliográfiai részletek
Dokumentumtípus: Cikk
Megjelent: 1936-10-21
Sorozat:Délmagyarország 12 No. 249
Kulcsszavak:Kaufmann József, Gyászjelentés
Online Access:http://dmarchiv.bibl.u-szeged.hu/40321
LEADER 00405nab a2200145 i 4500
001 delm40321
005 20180927130030.0
008 180927s1936 hu o 0|| hun d
040 |a SZTE Délmagyarország Archívum  |b hun 
041 |a hun 
245 0 0 |a Kaufmann József  |h [elektronikus dokumentum] 
260 |c 1936-10-21 
300 |a 5 
490 0 |a Délmagyarország  |v 12 No. 249 
695 |a Kaufmann József, Gyászjelentés